Les plus grandes villes de France - Quiz - Statistiques

Statistiques générales
  • Ce quiz a été pris 190 fois
  • Le résultat moyen est 16 sur 20
Statistiques - réponses
Population Réponse % Correct
870 713 Marseille
100%
2 165 423 Paris
100%
522 969 Lyon
99%
234 475 Lille
98%
493 465 Toulouse
97%
260 958 Bordeaux
96%
318 808 Nantes
96%
342 669 Nice
96%
287 228 Strasbourg
96%
220 488 Rennes
95%
295 542 Montpellier
85%
158 002 Dijon
74%
155 850 Angers
71%
168 290 Le Havre
70%
173 821 Saint-Etienne
70%
178 745 Toulon
70%
158 198 Grenoble
68%
181 194 Reims
68%
153 810 Saint-Denis
48%
152 212 Villeurbanne
47%
Aucun quiz correspondant
Distribution des résultats
% des personnes avec chaque résultat
Percentile par nombre de réponses
Votre historique - résultats
Vous n’avez pas pris ce quiz